| 000 | 00995nam a22002897a 4500 | ||
|---|---|---|---|
| 003 | CHAP | ||
| 005 | 20220329140648.0 | ||
| 008 | 971013s1917 r 00010 d | ||
| 010 | _a55597 | ||
| 011 | _a56569 | ||
| 035 | _a60722 | ||
| 040 | _cCHAP | ||
| 090 | _aFolleto 1931 | ||
| 100 | 0 | 0 |
_aYucatán. Gobernador. _9123329 |
| 245 | _aInforme que el Gral. Salvador Alvarado, gobernador y comandante militar del estado de Yucatán rinde el primer jefe del ejército constitucionalista... | ||
| 260 |
_aMérida : _bImprenta del Gobierno Constitucionalista, _c1917 |
||
| 300 | _a82 p. | ||
| 590 |
_aBATCH-UPD _b10 _c20130110 _lUCH01 _h0742 |
||
| 590 |
_aBATCH-UPD _b10 _c20130410 _lUCH01 _h0423 |
||
| 590 |
_aBATCH-UPD _b10 _c20130914 _lUCH01 _h2111 |
||
| 590 |
_aCONVERSION _b10 _c20130109 _lUCH01 _h1330 |
||
| 650 | 1 | 4 |
_aYucatán _xPolítica y gobierno. _9123327 |
| 700 | 0 |
_aAlvarado, Salvador. _94853 |
|
| 901 | _aBK | ||
| 942 | _cFOLL | ||
| 949 |
_aFolleto 1931 _bBC _cFOLL _d-130700 _eTS1 _i60722 _si |
||
| 999 |
_c55597 _d55597 |
||